000 nam a22 7a 4500
999 _c9146
_d9146
008 180123b ||||| |||| 00| 0 eng d
100 _aNCERT
_95416
245 _aAccountancy part II
260 _aNew Delhi
_bNCERT
_c2006